000
00269nam a2200097Ia 4500
001
691778
005
20250826161842.0
008
250824s9999 xx 000 0 und d
245
0
_a
BAŞKALARININ NE DÜŞÜNDÜĞÜNDEN SANANE
_c
RİCHARDP. FEYNMAN
260
_b
ALFA YAYINLARI
999
_c
691778
_d
691778